Central Library OPAC University of Rajshahi

Statistics for technology : (Record no. 54022)

MARC details
000 -LEADER
fixed length control field 00738nam a2200253 a 4500
001 - CONTROL NUMBER
control field 54022
003 - CONTROL NUMBER IDENTIFIER
rucl marc code BD-RjUL
005 - DATE AND TIME OF LATEST TRANSACTION
control field 20211209080048.0
008 - FIXED-LENGTH DATA ELEMENTS--GENERAL INFORMATION
fixed length control field 161031s1983 nyu||||| |||| 00| 0 eng d
020 ## - INTERNATIONAL STANDARD BOOK NUMBER
International Standard Book Number 0412253402
035 ## - SYSTEM CONTROL NUMBER
System control number (BD-RjUL)54144
040 ## - CATALOGING SOURCE
Original cataloging agency BD-RjUL
Language of cataloging eng
Transcribing agency BD-RjUL
041 ## - LANGUAGE CODE
Language code of text/sound track or separate title eng
082 ## - DEWEY DECIMAL CLASSIFICATION NUMBER
Edition number 23
Classification number 519.5
Author mark and year CHS 1983
100 1# - MAIN ENTRY--PERSONAL NAME
Personal name Chatfield, Christopher
9 (RLIN) 154558
245 10 - TITLE STATEMENT
Title Statistics for technology :
Remainder of title a course in applied statistics /
Statement of responsibility, etc. Christopher Chatfield
250 ## - EDITION STATEMENT
Edition statement 3rd ed.
260 ## - PUBLICATION, DISTRIBUTION, ETC. (IMPRINT)
Place of publication, distribution, etc. New York :
Name of publisher, distributor, etc. Chapman and Hall,
Date of publication, distribution, etc. 1983.
300 ## - PHYSICAL DESCRIPTION
Pagination 381 p. :
Illustrations ill. ;
Size 21 cm
490 ## - SERIES STATEMENT
Series statement Science paperbacks,
Volume/sequential designation 114.
500 ## - GENERAL NOTE
General note Includes Index
650 ## - SUBJECT ADDED ENTRY--TOPICAL TERM
Topical term or geographic name as entry element Statistical methods
9 (RLIN) 161310
942 ## - ADDED ENTRY ELEMENTS (KOHA)
Source of classification or shelving scheme Dewey Decimal Classification
Koha item type Books
Holdings
Lost status Source of classification or shelving scheme Damaged status Not for loan Collection code Permanent Location Current Location Shelving location Date acquired Source of acquisition Cost, normal purchase price Total Checkouts Full call number Date last seen Copy number Koha item type
  Dewey Decimal Classification     Non-fiction Central Library, University of Rajshahi Central Library, University of Rajshahi   24/09/1984 Tappom-Tulip 11.05   519.5 CHS 1983 31/10/2016 C-2 Books